Khetroj putro kumari matri (Record no. 4158)

MARC details
000 -LEADER
fixed length control field 00426cam a2200169ua 4500
008 - FIXED-LENGTH DATA ELEMENTS--GENERAL INFORMATION
fixed length control field 111223n ii |||gr||||Z||||||asm
040 ## - CATALOGING SOURCE
Transcribing agency MAIN
082 ## - DEWEY DECIMAL CLASSIFICATION NUMBER
Classification number 294.5923
100 1# - MAIN ENTRY--PERSONAL NAME
Personal name Nath, Tralukya Mohan,
Relator term
245 11 - TITLE STATEMENT
Title Khetroj putro kumari matri
Statement of responsibility, etc. by Tralukya Mohan Nath
250 ## - EDITION STATEMENT
Edition statement 2nd.
260 ## - PUBLICATION, DISTRIBUTION, ETC.
Place of publication, distribution, etc. Guwahati:
Name of publisher, distributor, etc. Pahi prakashan,990.
300 ## - PHYSICAL DESCRIPTION
Extent 96p.
942 ## - ADDED ENTRY ELEMENTS (KOHA)
Koha item type Books
653 ## - INDEX TERM--UNCONTROLLED
Uncontrolled term Story of Mahabharata
Holdings
Withdrawn status Lost status Damaged status Not for loan Home library Current library Shelving location Date acquired Total Checkouts Full call number Barcode Date last seen Copy number Price effective from Koha item type
        Central Library, Naharkatiya College Central Library, Naharkatiya College General Stacks 19/09/2020   294.5923 | NAT 10548 19/09/2020 2 19/09/2020 Books
        Central Library, Naharkatiya College Central Library, Naharkatiya College General Stacks 19/09/2020   294.5923 | NAT 10549 19/09/2020 1 19/09/2020 Books

Naharkatiya College © 2020. All rights reserved.

Powered By